000 00603nam a2200265Ia 4500
005 20260306164238.0
008 008 260114s9999 xx 000 0 eng d
020 _a9780823241804
037 _aEBOOK
040 _aCRL
040 _beng
040 _cCRL
041 _2eng
041 _aeng
084 _qCRL
100 _aPappas
_9912023
245 0 _aPragmatism In The Americas
260 _bFordham University Press
260 _c2012
650 _aPhilosophy
856 _uhttps://academic.oup.com/book/22256
942 _cEBOOK
999 _c1713344
_d1713344